[Event "Krajsky prebor jednotlivcu KHSS - Open"]
[Site "?"]
[Date "2015.05.08"]
[Round "6.8"]
[White "Vagner, Patrik"]
[Black "Jirousek, Tadeas"]
[Result "1/2-1/2"]
[WhiteElo "1747"]
[BlackElo "1491"]
[PlyCount "97"]
[EventDate "2015.05.05"]

1. d4 Nf6 2. c4 g6 3. Nc3 Bg7 4. e4 d6 5. Nf3 O-O 6. Be2 Nbd7 7. O-O Ne8 8. Re1
e5 9. d5 f5 10. b4 h6 11. Ba3 Ndf6 12. Nd2 f4 13. c5 Bd7 14. b5 b6 15. cxd6
cxd6 16. Rc1 g5 17. f3 Kh7 18. Nc4 Qe7 19. h3 Bc8 20. Qb3 Rg8 21. Nd1 Bf8 22.
Nf2 h5 23. Rc3 Qg7 24. Nxd6 Bxd6 25. Bxd6 Nxd6 26. Rec1 Bd7 27. Qb4 Qe7 28. Rc7
Rac8 29. R1c6 Rxc7 30. Rxc7 Ra8 31. Qa4 Kg6 32. Rxa7 Rxa7 33. Qxa7 Qd8 34. Nd3
Nf7 35. a4 g4 36. Nb4 gxf3 37. Bxf3 Nd6 38. Nc6 Bxc6 39. bxc6 Nfxe4 40. Bxe4+
Nxe4 41. c7 Qc8 42. Qxb6+ Kg7 43. a5 Qd7 44. a6 Nd6 45. a7 Nc8 46. Qb8 Qa4 47.
Qxc8 Qd4+ 48. Kh2 Qe3 49. a8=Q 1/2-1/2

[Event "Krajsky prebor jednotlivcu KHSS - Open"]
[Site "?"]
[Date "2015.05.08"]
[Round "6.10"]
[White "Burdilak, Milan"]
[Black "Hronik, Petr"]
[Result "0-1"]
[WhiteElo "1743"]
[BlackElo "1904"]
[PlyCount "78"]
[EventDate "2015.05.05"]

1. d4 d5 2. c4 dxc4 3. a4 e5 4. e3 exd4 5. exd4 Be6 6. Nc3 Bb4 7. Nf3 Nc6 8.
Be2 Nge7 9. O-O O-O 10. Be3 Bxc3 11. bxc3 Na5 12. Ng5 Bd5 13. Bf3 h6 14. Ne4 f5
15. Nc5 Qc8 16. Bxd5+ Nxd5 17. Qf3 Nxe3 18. fxe3 b6 19. Qd5+ Kh8 20. Ne6 c6 21.
Qe5 Rf6 22. Nf4 Qe8 23. Rad1 Qf7 24. d5 Re8 25. Qd4 Rd6 26. g4 Re4 27. Qxe4
fxe4 28. Ne6 Qg6 29. Rf8+ Kh7 30. h3 Rxd5 31. Rxd5 cxd5 32. Nf4 Qd6 33. Re8 d4
34. cxd4 c3 35. Ne6 Qxe6 36. Rxe6 c2 37. Rxe4 c1=Q+ 38. Kf2 Nc4 39. Re7 Qc2+
0-1

[Event "Krajsky prebor jednotlivcu KHSS - Open"]
[Site "?"]
[Date "2015.05.08"]
[Round "6.13"]
[White "Laloucek, Miroslav"]
[Black "Simak, Roman"]
[Result "1-0"]
[WhiteElo "1760"]
[BlackElo "1502"]
[PlyCount "41"]
[EventDate "2015.05.05"]

1. d4 d5 2. Bg5 g6 3. c4 Bg7 4. Nf3 Nf6 5. e3 O-O 6. Nc3 c6 7. Qb3 e6 8. Bd3
Qb6 9. O-O Nbd7 10. Rfe1 h6 11. Bh4 Qxb3 12. axb3 Re8 13. Bg3 Nh5 14. Bd6 Bf8
15. Bxf8 Kxf8 16. c5 a6 17. h3 Ng7 18. e4 dxe4 19. Nxe4 f5 20. Nd6 Re7 21. Nh4
1-0

[Event "Krajsky prebor jednotlivcu KHSS - Open"]
[Site "?"]
[Date "2015.05.08"]
[Round "6.14"]
[White "Jukl, Karel"]
[Black "Kubelova, Sona"]
[Result "0-1"]
[WhiteElo "1752"]
[BlackElo "1575"]
[PlyCount "76"]
[EventDate "2015.05.05"]

1. d4 d5 2. Bf4 c6 3. e3 e6 4. Nd2 Bd6 5. Bg3 Nf6 6. Bd3 Be7 7. Ngf3 O-O 8. Ne5
Nbd7 9. h4 Qb6 10. Rb1 c5 11. c3 Nxe5 12. dxe5 Nd7 13. Bxh7+ Kxh7 14. Qh5+ Kg8
15. Nf3 f6 16. Ng5 fxg5 17. hxg5 Bxg5 18. Qxg5 Rf5 19. Qh4 Nf8 20. Bf4 Qc7 21.
g4 Rxf4 22. exf4 Bd7 23. Rh3 Ng6 24. Qg5 Kf7 25. Kd2 Qd8 26. Qxd8 Rxd8 27. Ke3
Bc6 28. Rd1 a5 29. a3 b5 30. b4 axb4 31. axb4 Ra8 32. bxc5 Ra3 33. Kd2 b4 34.
Kc2 Ba4+ 35. Kd2 Bxd1 36. Kxd1 Rxc3 37. Rxc3 bxc3 38. Kc2 d4 0-1

[Event "Krajsky prebor jednotlivcu KHSS - Open"]
[Site "?"]
[Date "2015.05.09"]
[Round "7.1"]
[White "Dusbaba, Petr"]
[Black "Mares, Ilja"]
[Result "0-1"]
[WhiteElo "1865"]
[BlackElo "1794"]
[PlyCount "82"]
[EventDate "2015.05.05"]

1. e4 d6 2. d4 Nf6 3. Nc3 g6 4. Be3 Bg7 5. Qd2 Ng4 6. Bg5 Nc6 7. h3 Nf6 8. Nf3
O-O 9. Be2 Bd7 10. Bh6 e5 11. d5 Ne7 12. h4 Bxh6 13. Qxh6 Ng4 14. Qd2 f5 15.
Ng5 f4 16. Bxg4 Bxg4 17. f3 Bd7 18. O-O-O Qc8 19. Rdg1 h6 20. Nh3 Kh7 21. g4
fxg3 22. Rxg3 Rf6 23. f4 Bxh3 24. fxe5 dxe5 25. Rgxh3 Qd7 26. Qh2 Rf4 27. Re3
Raf8 28. Ne2 Rf1+ 29. Rxf1 Rxf1+ 30. Kd2 Qd6 31. Qh3 Rf7 32. Rf3 Qb4+ 33. Kd1
Rg7 34. Nc3 Qxb2 35. Qe6 Qb6 36. Qxe5 Qg1+ 37. Ke2 Qg2+ 38. Rf2 Qg4+ 39. Kf1
Qxh4 40. Qxc7 Nxd5 41. Qe5 Qh3+ 0-1

[Event "Krajsky prebor jednotlivcu KHSS - Open"]
[Site "?"]
[Date "2015.05.09"]
[Round "7.2"]
[White "Rastocny, Josef"]
[Black "Vochozka, Jindrich"]
[Result "0-1"]
[WhiteElo "1860"]
[BlackElo "1777"]
[PlyCount "110"]
[EventDate "2015.05.05"]

1. d4 e6 2. c4 d5 3. Nc3 Nf6 4. Bg5 Nbd7 5. e3 c6 6. Nf3 Be7 7. Rc1 h6 8. Bh4
O-O 9. Qc2 Re8 10. a3 dxc4 11. Bxc4 Nb6 12. Be2 Nbd5 13. Bg3 Nxc3 14. Qxc3 Ne4
15. Qd3 Nxg3 16. hxg3 Bf6 17. O-O e5 18. dxe5 Qxd3 19. Bxd3 Bxe5 20. Nxe5 Rxe5
21. Rfd1 Be6 22. Bc4 Bxc4 23. Rxc4 Kf8 24. Rb4 b6 25. Rd6 c5 26. Ra4 Ree8 27.
Rc4 Ke7 28. Rd2 Red8 29. Rdc2 Rd3 30. g4 Rad8 31. Kf1 Rd2 32. Ke1 Rxc2 33. Rxc2
Rd5 34. Ke2 Ke6 35. Rc4 b5 36. Rf4 f6 37. Re4+ Re5 38. Rf4 Kd5 39. Kd3 a6 40.
b3 Ke6 41. Ke2 Kd6 42. Kd3 Kd5 43. Rf5 Rxf5 44. gxf5 h5 45. e4+ Ke5 46. Ke3 Kd6
47. f4 h4 48. Kd3 a5 49. a4 c4+ 50. Kc3 cxb3 51. axb5 a4 52. Kb2 Kc5 53. e5 Kb4
54. b6 a3+ 55. Kc1 Kc3 0-1

[Event "Krajsky prebor jednotlivcu KHSS - Open"]
[Site "?"]
[Date "2015.05.09"]
[Round "7.3"]
[White "Zastava, Ladislav"]
[Black "Otruba, Marek"]
[Result "0-1"]
[WhiteElo "1653"]
[BlackElo "1629"]
[PlyCount "42"]
[EventDate "2015.05.05"]

1. c4 e6 2. Nc3 d5 3. cxd5 exd5 4. d4 f5 5. Nf3 Nf6 6. a3 c6 7. Bg5 Nbd7 8. Ne5
Be7 9. Nxd7 Bxd7 10. e3 O-O 11. h3 Ne4 12. Bxe7 Qxe7 13. Be2 Rf6 14. Bf3 Raf8
15. Ne2 f4 16. exf4 Rxf4 17. O-O Rxf3 18. gxf3 Qg5+ 19. Kh2 Rxf3 20. Ng1 Rxf2+
21. Rxf2 Qg3+ 0-1

[Event "Krajsky prebor jednotlivcu KHSS - Open"]
[Site "?"]
[Date "2015.05.09"]
[Round "7.5"]
[White "Hronik, Petr"]
[Black "Lasek, Frantisek"]
[Result "1-0"]
[WhiteElo "1904"]
[BlackElo "1822"]
[PlyCount "73"]
[EventDate "2015.05.05"]

1. Nf3 d5 2. d4 Nf6 3. Bf4 Bf5 4. e3 e6 5. Be2 Bd6 6. Ne5 Nbd7 7. g4 Be4 8. f3
Bg6 9. h4 h6 10. Nxg6 fxg6 11. Bxd6 cxd6 12. Bd3 Qa5+ 13. c3 O-O-O 14. a4 g5
15. Na3 a6 16. b4 Qc7 17. c4 Kb8 18. Rc1 Qb6 19. Qd2 Rc8 20. a5 Qd8 21. h5 dxc4
22. Rxc4 Nd5 23. O-O Rf8 24. b5 Rxc4 25. Bxc4 Nc7 26. bxa6 d5 27. Qb4 Nxa6 28.
Bxa6 Qc7 29. Kg2 Ka8 30. Bb5 Rc8 31. Bxd7 Qxd7 32. Rf2 Qc7 33. Rc2 Qd7 34.
Rxc8+ Qxc8 35. Qc5 Qb8 36. Nb5 Qg3+ 37. Kxg3 1-0

[Event "Krajsky prebor jednotlivcu KHSS - Open"]
[Site "?"]
[Date "2015.05.09"]
[Round "7.6"]
[White "Simon, Petr"]
[Black "Vlkova, Anezka"]
[Result "0-1"]
[WhiteElo "1759"]
[BlackElo "1564"]
[PlyCount "72"]
[EventDate "2015.05.05"]

1. e4 e6 2. d4 d5 3. Nd2 Nf6 4. e5 Nfd7 5. Bd3 c5 6. c3 Nc6 7. Ndf3 Qb6 8. Ne2
Be7 9. O-O O-O 10. a3 c4 11. Bc2 Na5 12. h4 f6 13. exf6 Nxf6 14. Ne5 Nc6 15. f4
Nd7 16. Ng3 Ncxe5 17. fxe5 Nxe5 18. Bxh7+ Kxh7 19. Qh5+ Kg8 20. Rxf8+ Kxf8 21.
Qh8+ Kf7 22. Nh5 Bf6 23. Nxf6 gxf6 24. Bh6 Ke7 25. Bf8+ Kd7 26. Qxf6 Nc6 27.
Qf7+ Kd8 28. Bd6 Bd7 29. Qf8+ Be8 30. Re1 Kd7 31. Bc5 Qc7 32. Qf6 Qd8 33. Qxe6+
Kc7 34. Be7 Qd7 35. g4 Qxe6 36. Rxe6 Kd7 0-1

[Event "Krajsky prebor jednotlivcu KHSS - Open"]
[Site "?"]
[Date "2015.05.09"]
[Round "7.10"]
[White "Jirousek, Tadeas"]
[Black "Jansky, Pavel"]
[Result "0-1"]
[WhiteElo "1491"]
[BlackElo "1807"]
[PlyCount "72"]
[EventDate "2015.05.05"]

1. e4 d5 2. exd5 Nf6 3. d4 Nxd5 4. g3 c6 5. Bg2 Bf5 6. Nf3 e6 7. O-O Bd6 8. c4
Nf6 9. Re1 O-O 10. h3 Nbd7 11. Nh4 h6 12. Nxf5 exf5 13. Qf3 Qa5 14. Bd2 Bb4 15.
Nc3 Ne4 16. Nxe4 fxe4 17. Bxb4 Qxb4 18. Qb3 Qxb3 19. axb3 f5 20. Ra5 Rf7 21.
Rea1 a6 22. b4 Nb6 23. b3 Rd8 24. Rd1 g6 25. b5 axb5 26. cxb5 c5 27. Bf1 Rxd4
28. Rc1 Rc7 29. Bc4+ Nxc4 30. bxc4 Kf7 31. Kf1 Rcd7 32. Ke1 Kf6 33. Ra8 Rd3 34.
Rc8 f4 35. gxf4 Rxh3 36. Rxc5 Rh1+ 0-1

[Event "Krajsky prebor jednotlivcu KHSS - Open"]
[Site "?"]
[Date "2015.05.09"]
[Round "7.11"]
[White "Hatasova, Michaela"]
[Black "Labik, Jaroslav"]
[Result "0-1"]
[WhiteElo "1627"]
[BlackElo "1688"]
[PlyCount "98"]
[EventDate "2015.05.05"]

1. c4 Nf6 2. g3 e6 3. Bg2 g6 4. d4 Bg7 5. Nf3 O-O 6. O-O d5 7. c5 c6 8. Bg5 h6
9. Bxf6 Bxf6 10. e3 Nd7 11. Nc3 e5 12. e4 exd4 13. Nxd4 dxe4 14. Nxe4 Bg7 15.
Qd2 Nxc5 16. Rad1 Nxe4 17. Bxe4 Qxd4 18. Qxd4 Bxd4 19. Rxd4 Be6 20. a3 Rfd8 21.
Rfd1 Rxd4 22. Rxd4 Kf8 23. f4 f5 24. Bf3 Ke7 25. Kf2 Rd8 26. Ke3 Rd6 27. a4 b6
28. b4 Rxd4 29. Kxd4 Kd6 30. Be2 Bd5 31. Bd3 Bb3 32. a5 Be6 33. Be2 c5+ 34. Kc3
cxb4+ 35. Kxb4 bxa5+ 36. Kxa5 Kc5 37. Bd1 Kd4 38. Ka6 Ke3 39. Kxa7 Kf2 40. Kb6
Kg2 41. Kc7 Kxh2 42. Kd6 Bc8 43. Ke5 Kxg3 44. Kf6 h5 45. Kxg6 h4 46. Kg5 h3 47.
Ba4 Bb7 48. Bc2 h2 49. Bxf5 h1=Q 0-1

[Event "Krajsky prebor jednotlivcu KHSS - Open"]
[Site "?"]
[Date "2015.05.09"]
[Round "7.15"]
[White "Hejzlar, Zdenek"]
[Black "Otrubova, Kristyna"]
[Result "1-0"]
[WhiteElo "1820"]
[BlackElo "1440"]
[PlyCount "119"]
[EventDate "2015.05.05"]

1. d4 Nf6 2. Nf3 e6 3. Bf4 Be7 4. h3 b6 5. e3 Bb7 6. Be2 d6 7. O-O O-O 8. c3
Nbd7 9. Qc2 Ne4 10. Nbd2 Ndf6 11. Bd3 Nxd2 12. Nxd2 h6 13. e4 Nd7 14. Rfe1 e5
15. Be3 c5 16. d5 Rb8 17. a4 Re8 18. f3 Bh4 19. Rf1 Bc8 20. f4 Qe7 21. f5 Bg5
22. Bxg5 Qxg5 23. Nc4 Qe7 24. Rf3 Nf6 25. Kh2 Nh5 26. g3 Ba6 27. Ne3 Bxd3 28.
Qxd3 Nf6 29. Ng2 Qd7 30. c4 a6 31. Ne3 b5 32. cxb5 axb5 33. Ng4 Nxg4+ 34. hxg4
bxa4 35. Qc2 Qb5 36. Ra2 Ra8 37. Rfa3 Reb8 38. Kg2 Qb4 39. Rxa4 Rxa4 40. Rxa4
Qxb2 41. Qxb2 Rxb2+ 42. Kf3 Rb3+ 43. Kf2 Rb8 44. Ra6 Rd8 45. Ke3 Kf8 46. Kd3
Ke7 47. Kc4 Rb8 48. Ra7+ Kf6 49. Ra6 Rb4+ 50. Kd3 Rb3+ 51. Kc4 Rxg3 52. Rxd6+
Ke7 53. Rc6 Rxg4 54. d6+ Kd7 55. Kd5 h5 56. Rc7+ Kd8 57. Rxf7 h4 58. Ke6 Kc8
59. Rf8+ Kb7 60. d7 1-0

[Event "Krajsky prebor jednotlivcu KHSS - Open"]
[Site "?"]
[Date "2015.05.09"]
[Round "7.17"]
[White "Burdilak, Milan"]
[Black "Jukl, Karel"]
[Result "1/2-1/2"]
[WhiteElo "1743"]
[BlackElo "1752"]
[PlyCount "50"]
[EventDate "2015.05.05"]

1. d4 Nf6 2. c4 g6 3. Nc3 Bg7 4. Nf3 d6 5. e4 O-O 6. h3 e5 7. Be2 Nc6 8. d5 Ne7
9. O-O Nd7 10. Nh2 f5 11. Bg5 f4 12. Bg4 h6 13. Be6+ Kh7 14. Bxe7 Qxe7 15. b4
b6 16. Qa4 Nf6 17. Bxc8 Rfxc8 18. b5 Nd7 19. Qc2 Nc5 20. a4 a5 21. Nf3 Rg8 22.
Ne1 Raf8 23. f3 h5 24. Nd3 Nb7 25. Ne2 g5 1/2-1/2

[Event "Krajsky prebor jednotlivcu KHSS - Open"]
[Site "?"]
[Date "2015.05.10"]
[Round "8.1"]
[White "Mares, Ilja"]
[Black "Otruba, Marek"]
[Result "0-1"]
[WhiteElo "1794"]
[BlackElo "1629"]
[PlyCount "42"]
[EventDate "2015.05.05"]

1. Nf3 d5 2. e3 e6 3. d4 f5 4. Ne5 Nf6 5. Be2 Bd6 6. Nd3 O-O 7. O-O Nbd7 8. b3
Ne4 9. Qe1 Rf6 10. f3 Rh6 11. g3 Ng5 12. Nf2 Rg6 13. e4 Nf7 14. e5 Ndxe5 15.
dxe5 Bxe5 16. c3 Bxg3 17. Kh1 Qh4 18. h3 Ng5 19. Bxg5 Rxg5 20. Nd2 Rh5 21. Kg2
Bxf2 0-1

[Event "Krajsky prebor jednotlivcu KHSS - Open"]
[Site "?"]
[Date "2015.05.10"]
[Round "8.2"]
[White "Vochozka, Jindrich"]
[Black "Vavra, Stanislav"]
[Result "1-0"]
[WhiteElo "1777"]
[BlackElo "1850"]
[PlyCount "95"]
[EventDate "2015.05.05"]

1. d4 d5 2. c4 e6 3. Nc3 Be7 4. Bf4 Nf6 5. e3 O-O 6. Rc1 Nbd7 7. Nf3 c6 8. Bd3
dxc4 9. Bxc4 Nb6 10. Bd3 Nbd5 11. Bg3 Bd6 12. Bxd6 Qxd6 13. O-O Re8 14. a3 a5
15. Na4 Nd7 16. Qc2 g6 17. Nc5 Nxc5 18. Qxc5 Qxc5 19. Rxc5 f6 20. Bb1 Bd7 21.
Re1 Kf7 22. e4 Nc7 23. Ba2 b6 24. Rcc1 Rac8 25. h4 Na6 26. Red1 Ke7 27. d5 cxd5
28. exd5 exd5 29. Bxd5 Rxc1 30. Rxc1 Rc8 31. Re1+ Kd6 32. Bb7 Rc2 33. Bxa6 Rxb2
34. Re3 b5 35. Nd4 Kc5 36. Re7 Kxd4 37. Rxd7+ Kc3 38. Rxh7 b4 39. axb4 a4 40.
Rc7+ Kd2 41. Rd7+ Kc3 42. Rc7+ Kd2 43. Bc8 a3 44. Be6 Rxb4 45. g3 Ra4 46. Rc6
Kd3 47. Bf7 Kd4 48. Rxf6 1-0

[Event "Krajsky prebor jednotlivcu KHSS - Open"]
[Site "?"]
[Date "2015.05.10"]
[Round "8.3"]
[White "Zastava, Ladislav"]
[Black "Hronik, Petr"]
[Result "1/2-1/2"]
[WhiteElo "1653"]
[BlackElo "1904"]
[PlyCount "36"]
[EventDate "2015.05.05"]

1. c4 e5 2. Nc3 Nc6 3. d3 g6 4. g3 Bg7 5. Bg2 d6 6. a3 f5 7. e3 Nf6 8. Nge2 O-O
9. O-O Be6 10. b4 d5 11. cxd5 Nxd5 12. Rb1 e4 13. d4 Nxc3 14. Nxc3 Bc4 15. Re1
Ne7 16. Bf1 Bxf1 17. Rxf1 c6 18. Bb2 Nd5 1/2-1/2

[Event "Krajsky prebor jednotlivcu KHSS - Open"]
[Site "?"]
[Date "2015.05.10"]
[Round "8.6"]
[White "Lasek, Frantisek"]
[Black "Vlkova, Anezka"]
[Result "1-0"]
[WhiteElo "1822"]
[BlackElo "1564"]
[PlyCount "95"]
[EventDate "2015.05.05"]

1. b3 Nc6 2. c4 e5 3. Bb2 d6 4. Nc3 g6 5. g3 Bg7 6. Bg2 f5 7. e3 Be6 8. Nge2
Nf6 9. d4 Bf7 10. d5 Ne7 11. Qc2 O-O 12. O-O h6 13. Rae1 g5 14. f4 Ng4 15. Nd1
Bg6 16. h3 Nf6 17. fxe5 dxe5 18. Bxe5 Qd7 19. Nd4 f4 20. e4 fxg3 21. Ne6 Rf7
22. Nxg7 Kxg7 23. Bxf6+ Rxf6 24. Rxf6 Kxf6 25. Qc3+ Kf7 26. Rf1+ Kg8 27. Qxg3
Kh7 28. Ne3 Re8 29. Ng4 Ng8 30. e5 Qe7 31. e6 Qc5+ 32. Kh1 Re7 33. Ne5 Qd4 34.
Nxg6 Kxg6 35. Qf3 Nf6 36. Qf2 Qxf2 37. Rxf2 h5 38. Bf1 Kg7 39. Bd3 g4 40. Kg2
c6 41. Rf5 gxh3+ 42. Kxh3 cxd5 43. cxd5 Rc7 44. d6 Rc3 45. Rf3 Rc8 46. Kh4 a6
47. Kg5 Rc5+ 48. Rf5 1-0

[Event "Krajsky prebor jednotlivcu KHSS - Open"]
[Site "?"]
[Date "2015.05.10"]
[Round "8.10"]
[White "Kubelova, Sona"]
[Black "Kovar, Ladislav"]
[Result "0-1"]
[WhiteElo "1575"]
[BlackElo "1833"]
[PlyCount "49"]
[EventDate "2015.05.05"]

1. d4 d5 2. c4 e6 3. e3 Nf6 4. Bd3 b6 5. Nf3 Bb4+ 6. Nbd2 O-O 7. O-O Nbd7 8. a3
Bd6 9. b3 c5 10. Bb2 Bb7 11. Qc2 h6 12. Rac1 Rc8 13. Qb1 cxd4 14. Nxd4 dxc4 15.
Nxc4 Bxh2+ 16. Kh1 Bb8 17. e4 Nxe4 18. Nf3 Ng5 19. Nfe5 Nxe5 20. Bxe5 Qd5 21.
f3 Bxe5 22. Rcd1 Bd4 23. Ne3 Qe5 24. Nc4 Qf4 25. Rd2 0-1

[Event "Krajsky prebor jednotlivcu KHSS - Open"]
[Site "?"]
[Date "2015.05.10"]
[Round "8.13"]
[White "Laloucek, Miroslav"]
[Black "Jirousek, Tadeas"]
[Result "0-1"]
[WhiteElo "1760"]
[BlackElo "1491"]
[PlyCount "77"]
[EventDate "2015.05.05"]

1. d4 Nf6 2. Bg5 e6 3. e4 Be7 4. Nd2 d5 5. e5 Nfd7 6. Bxe7 Qxe7 7. f4 c5 8. c3
Nc6 9. Ngf3 cxd4 10. cxd4 Qb4 11. Bd3 Nxd4 12. O-O Nxf3+ 13. Nxf3 Qxb2 14. Rf2
Qb4 15. Ng5 g6 16. g4 Nc5 17. Rb1 Qa3 18. Bc2 b6 19. f5 Bd7 20. Rf3 Qxa2 21.
Nxh7 gxf5 22. Nf6+ Ke7 23. gxf5 Rh4 24. Qd2 Rah8 25. Rf2 Bc8 26. Qg5 Kf8 27.
Rg2 Ba6 28. Bd3 Qxg2+ 29. Kxg2 Bxd3 30. Rc1 Rxh2+ 31. Kf3 R8h3+ 32. Kf4 Rf2+
33. Kg4 Rg2+ 34. Kf4 Rxg5 35. Kxg5 Bxf5 36. Nxd5 exd5 37. Kxf5 Rf3+ 38. Kg4 Re3
39. Kf5 0-1

[Event "Krajsky prebor jednotlivcu KHSS - Open"]
[Site "?"]
[Date "2015.05.10"]
[Round "8.16"]
[White "Jukl, Karel"]
[Black "Hatasova, Michaela"]
[Result "1/2-1/2"]
[WhiteElo "1752"]
[BlackElo "1627"]
[PlyCount "27"]
[EventDate "2015.05.05"]

1. d4 d5 2. c4 e6 3. Nc3 Nf6 4. cxd5 exd5 5. Bg5 Be7 6. e3 O-O 7. Nf3 h6 8. Bh4
b6 9. Bd3 Bb7 10. O-O Ne4 11. Bxe7 Qxe7 12. Qb3 Nxc3 13. Qxc3 c5 14. Rac1
1/2-1/2

[Event "Krajsky prebor jednotlivcu KHSS - Open"]
[Site "?"]
[Date "2015.05.10"]
[Round "8.20"]
[White "Otrubova, Kristyna"]
[Black "Heger, Zdenek"]
[Result "1-0"]
[WhiteElo "1440"]
[BlackElo "1426"]
[PlyCount "81"]
[EventDate "2015.05.05"]

1. d4 Nf6 2. c4 d5 3. Nc3 e6 4. cxd5 exd5 5. Bg5 Bb4 6. Qc2 Bxc3+ 7. Qxc3 Nbd7
8. e3 O-O 9. Bd3 c6 10. Ne2 Qe8 11. Bf4 Qe6 12. O-O Ne4 13. Bxe4 Qxe4 14. Ng3
Qe6 15. f3 Nf6 16. Rae1 Re8 17. Qd3 Bd7 18. a3 b6 19. e4 dxe4 20. fxe4 b5 21.
h3 Qc4 22. Qxc4 bxc4 23. Be5 Re6 24. Bxf6 Rxf6 25. Rxf6 gxf6 26. Nh5 f5 27.
Nf6+ Kg7 28. Nxd7 Re8 29. Nc5 Kg6 30. Kf2 fxe4 31. Rxe4 Rxe4 32. Nxe4 Kf5 33.
Ke3 Ke6 34. Ng5+ Kf5 35. Nxh7 f6 36. Nxf6 Kxf6 37. Kf4 Ke6 38. h4 Kd5 39. h5
Kxd4 40. h6 Kd3 41. h7 1-0